|
|
|
|
| LEADER |
00000nab a2200000 a 4500 |
| 001 |
vtls009331509 |
| 003 |
SK-MaSNL |
| 005 |
20260304153319.0 |
| 008 |
250506c2008 xo |||||||||||000 b|slo |
| 015 |
|
|
|a SNBRB2008/09
|2 snkbucl
|
| 035 |
|
|
|a (uuid)6a9a2965-1ff7-4c73-b908-7632036e227b
|
| 035 |
|
|
|a urn:nbn:sk:snk-ab1r2n
|
| 035 |
|
|
|a (urnnbn)urn:nbn:sk:snk:ar-0063ic
|
| 038 |
|
|
|a SNKBUCL
|
| 040 |
|
|
|a SNKBUCL
|b slo
|c SNKBUCL
|e AACR2
|
| 041 |
0 |
|
|a slo
|b eng
|
| 044 |
|
|
|a xo
|c SK
|
| 080 |
|
|
|a 633.15
|2 1997
|
| 080 |
|
|
|a 631.8
|2 1997
|
| 080 |
|
|
|a 631.559
|2 1997
|
| 245 |
0 |
0 |
|a Vplyv hnojenia a poveternostných podmienok na úrodotvorné prvky a úrodu kukurice siatej na zrno
|c Jozef Žembery ... [et al.]
|
| 246 |
3 |
1 |
|a Influence of fertilization and climatic conditions on yield forming elements and maize grain yield
|
| 300 |
|
|
|b Obr., tab.
|
| 504 |
|
|
|a Bibliogr. odkazy
|
| 546 |
|
|
|a Res. angl.
|
| 650 |
0 |
7 |
|a kukurica na zrno
|2 snkbucl
|9 920524
|
| 650 |
0 |
7 |
|a úrodotvorné prvky
|2 snkbucl
|9 289157
|
| 650 |
0 |
7 |
|a úroda
|2 snkbucl
|9 506412
|
| 650 |
0 |
7 |
|a klimatické podmienky
|2 snkbucl
|9 73861
|
| 650 |
0 |
7 |
|a hnojivá
|2 snkbucl
|9 15432
|
| 700 |
1 |
|
|a Žembery, Jozef
|4 aut
|9 12562
|
| 700 |
1 |
|
|a Líška, Emil,
|d 1944-
|4 aut
|9 224357
|
| 700 |
1 |
|
|a Bušo, Rastislav
|4 aut
|9 313828
|
| 700 |
1 |
|
|a Krebs, Matej
|4 aut
|9 1476512
|
| 773 |
0 |
|
|t Agrochémia
|g Roč. XII (48), č. 3 (2008), s. 7-13
|x 1335-2415
|
| 850 |
|
|
|a Slovenská národná knižnica
|
| 852 |
|
|
|a Slovenská národná knižnica
|
| 954 |
|
|
|a odborná, vedecká literatúra pôvodná (slovenská)
|2 lita
|
| 958 |
|
|
|a article27
|
| 958 |
|
|
|a OND
|
| 958 |
|
|
|a NB
|
| 958 |
|
|
|a EUIPO
|
| 999 |
|
|
|c 2953222
|d 2955152
|